| 000 | 01387nam a2200217Ia 4500 | ||
|---|---|---|---|
| 003 | Ost | ||
| 005 | 20260416102359.0 | ||
| 008 | 260416s9999||||xx |||||||||||||| ||und|| | ||
| 040 | _cfsecg | ||
| 041 | _aara | ||
| 082 | _a658 | ||
| 100 |
_aبلعلمي، كلتوم _eمؤلف |
||
| 245 | 0 |
_a محاضرات في علم اجتماع المنظمات : _bموجهة لطلبة السنة الاولى جذع مشترك ل م د / _c كلتوم بلعلمي |
|
| 260 |
_aالجزائر _bجامعة الجزائر3: كلية العلوم الإقتصادية، العلوم التجارية وعلوم التسيير _c2022 |
||
| 300 |
_a100 ورقة _bايضاحات _c30 سم |
||
| 504 | _aالمراجع ص.98 | ||
| 520 | _aمدخل تمهيدي لعلم اجتماع المنطمات ، التغيير و التطوير التنظيمي ، الاتجاهات الكلاسيكية في دراسة التنظيم ، النظريات السلوكية ، النظريات الحديثة ، السلوك التنظيمي ، القيادة التنظيمية ، الثقافة التنظيمية ، الصراع التنظيمي ، سوسيولوجيا المؤسسة . | ||
| 653 | _aالتنظيم | ||
| 710 |
_aجامعة الجزائر3: كلية العلوم الإقتصادية، العلوم التجارية وعلوم التسيير _eناشر علمي |
||
| 942 | _cHANDOUT | ||
| 999 |
_c41346 _d41346 |
||